| 000 | 01008nam a2200253 i 4500 | ||
|---|---|---|---|
| 001 | 17053 | ||
| 003 | ES-MaACL | ||
| 005 | 20250828092115.0 | ||
| 007 | t| | ||
| 008 | 001218s1994 sp ||||1| spa d | ||
| 020 | _a84-87291-38-4 | ||
| 080 | _a159.953.5 | ||
| 100 | 1 |
_aGarcía Jurado, José. _954803 |
|
| 245 | 1 | 0 |
_aCuaderno de ilustraciones prácticas en psicología del aprendizaje / _cJosé García Jurado, Ricardo Pellón Suárez de Puga, Teresa Rizo Gutiérrez ; dibujos: José María López Noblejas. |
| 260 |
_aMelilla : _bServicio de Publicaciones del Centro UNED-Melilla, _c[1994] |
||
| 300 |
_a126 p. : _bil. ; _c21 cm. |
||
| 650 | 1 | 4 |
_aAprendizaje. _99924 |
| 700 | 1 |
_aPellón Suárez de Puga, Ricardo. _990108 |
|
| 700 | 1 |
_aRizo Gutiérrez, Teresa. _997753 |
|
| 700 | 1 |
_aLópez Noblejas, José María. _973828 |
|
| 710 | 2 |
_aUniversidad Nacional de Educación a Distancia (España). _bCentro Asociado de Melilla _97407 |
|
| 852 |
_aES-MaACL _jL-24000 _bR.129054 |
||
| 999 |
_c17053 _d17053 |
||